Hodnota. Výňatok z publikácie "Škola trhovej ekonomiky".

Hodnotu má iba taký statok, ktorý môže uspokojovať potreby. Výška hodnoty statku alebo služby závisí od ich užitočnosti, vzácnosti a nákladov. Vymedzenie druhov hodnôt: a/ úžitková, spotrebná alebo individuálna, b/ tržná, výmenná, či objektívna.

Salvato in:
Dettagli Bibliografici
Autore principale: Zaťko, J.
Natura: Capitolo di libro
Lingua:slovacco
Soggetti:
Tags: Aggiungi Tag
Nessun Tag, puoi essere il primo ad aggiungerne!!

MARC

LEADER 00000naa a2200000 4500
001 r005234
005 20221125081103.7
041 0 |a slo 
044 |a [CS] 
245 1 0 |a Hodnota.  |b Výňatok z publikácie "Škola trhovej ekonomiky".  |c J. Zaťko 
520 |a Hodnotu má iba taký statok, ktorý môže uspokojovať potreby. Výška hodnoty statku alebo služby závisí od ich užitočnosti, vzácnosti a nákladov. Vymedzenie druhov hodnôt: a/ úžitková, spotrebná alebo individuálna, b/ tržná, výmenná, či objektívna. 
610 2 0 |a hodnota 
610 2 0 |a hodnota úžitková 
610 2 0 |a hospodárstvo trhové 
100 1 |a Zaťko, J.